| 000 | 01387cam a2200385 c 4500 | ||
|---|---|---|---|
| 001 | 41091 | ||
| 003 | Mx-PuUPA | ||
| 005 | 20251217082054.0 | ||
| 008 | 140415s2001 sp gr 001 0 spa d | ||
| 017 | _aB. 29.506-2001 | ||
| 020 | _a9788449311031 | ||
| 040 |
_aMx-PuUPA _bspa _cMx-PuUPA _dMx-PuUPA _erda |
||
| 041 | 1 |
_aspa _heng |
|
| 100 | 1 |
_aMacIntyre, Alasdair C. _d1929- _q(Alasdair Chalmers), _97574 _cautor |
|
| 240 | 1 |
_aDependen rational animals. _lEspañol |
|
| 245 | 1 | 0 |
_aAnimales racionales y dependientes : _bpor qué los seres humanos necesitamos las virtudes / _cAlasdair MacIntyre |
| 250 | _a1a edición | ||
| 264 | 1 |
_aBarcelona, España : _bPaidós, _c2001 |
|
| 300 |
_a204 páginas ; _c22 cm |
||
| 336 |
_2rdacontent _atexto _btxt |
||
| 337 |
_2rdamedia _asin medio _bn |
||
| 338 |
_2rdacarrier _avolumen _bnc |
||
| 490 | 0 |
_aPaidós Básica ; _v111 |
|
| 500 | _aReimpresiones: (11a, julio, 2024). | ||
| 650 | 7 |
_2armarc _aConducta (Ética) |
|
| 650 | 7 |
_2armarc _aÉtica |
|
| 650 | 7 |
_2armarc _aVirtudes |
|
| 650 | 7 |
_2armarc _aEtología |
|
| 650 | 7 |
_2armarc _aConducta |
|
| 700 | 1 |
_aMartínez de Mugía, Beatriz, _etraductor |
|
| 765 | 0 |
_aMacIntyre, Alasdair _tDependen rational animals _d[lugar de publicación no identificado] : Carus Publishing Company, 1999 |
|
| 942 |
_2ddc _cLI _h170 _iM5318 |
||
| 999 |
_c41091 _d41091 |
||